Statistics for Most Games with Ronaldo

Click here to take the quiz!

General Stats

  • This quiz has been taken 818 times
  • The average score is 7 of 10

Answer Stats

HintAnswer% Correct
ST, Real MadridBenzema
98%
CB, Real MadridRamos
97%
CM, Real MadridModric
95%
LB, Real MadridMarcelo
94%
CB, PortoPepe
93%
GK, PortoCasillas
85%
ST, DC UnitedRooney
78%
CB, RetiredFerdinand
63%
CM, RetiredAlonso
24%
CB, ReadingO'Shea
10%

Score Distribution

Percentile by Number Answered

Percent of People with Each Score

Your Score History

You have not taken this quiz